000 00511cam a2200205ua 4500
001 10059
008 170324n ii |||gr||||Z||||||eng
020 _a9788183482776
040 _cMAIN
041 _aeng
082 _a080
100 _aSijwali, B.S.,
_eAuthor.
245 _aYou and the interview board
_cBy B.S. Sijwali and Indu Sijwali
260 _aMeerut:
_bArihant,
_c2008.
300 _a218p.
653 _aGeneral collections
653 _aMAIN
700 _aSijwali, Indu,
_eAuthor.,
942 _cBK
999 _c9058
_d9058